A defesa de Portugal (Record no. 25411)

Metadata
000 -Etiqueta do registo
campo de controlo de comprimento fixo 00861cam a2200313 4500
001 - Identificador do registo
Campo de controlo 25411
005 - Identificador da versão
Campo de controlo 20260323151425.0
010 ## - ISBN
Número (ISBN) 9729600716
021 ## - Nº depósito legal
Código do país Portugal
Número 78032/94
100 ## - Dados Gerais de Proc.
Dados gerais de processamento 19940719d1994 k a0pory5003 ba
101 0# - Língua da publicação
Língua do texto, banda sonora, etc. Português
102 ## - País de Publicação
País de publicação Portugal
105 ## - Dados Codif. Livros
Dados codificados dos livros ac z 001yy
106 ## - Atributos Físicos
Dados codificados do material textual r
200 1# - Título
Título próprio A defesa de Portugal
Primeira menção de responsabilidade Ministério da Defesa Nacional
210 #9 - Publicação, Distribuição
Lugar da edição, distribuição, etc. Lisboa
Nome do editor, distribuidor, etc. M.D.N.
Data da publicação, distribuição, etc. 1994
215 ## - Descrição física
Descrição física 293 p.
Dimensões 27 cm
675 ## - CDU
Notação 355
Edição BN
Língua da edição Português
675 ## - CDU
Notação 355.45(469)"1994"
Edição BN
Língua da edição Português
710 01 - Colectividade (resp. principal)
Palavra de ordem Portugal.
Subdivisão Ministério da Defesa Nacional
801 #0 - Fonte de origem
País Portugal
Agência BEDB
Regras de catalogação RPC
090 ## - Números de controlo do sistema (Koha)
Número biblioitem do Koha (gerado automaticamente) 25411
942 ## - Elementos de entrada adicionados (Koha)
Suprimido Disponível no OPAC
Tipo de item no Koha Monografia
Holdings
Removido (estado) Perdido (estado) Data de aquisição Origem do registo (biblioteca) (codificado) Código da organização que empresta ou é detentora (biblioteca) Código de barras Cota Tipo de circulação (não pode ser emprestado) Tipo de item e material
Disponível Disponível 2026-03-23 BE Diogo Bernardes BE Diogo Bernardes D00029616 35 MDNA Normal Monografia